Logistické plánovanie a ukazovateľ BTS bakalárska práca

Enregistré dans:
Détails bibliographiques
Auteur principal: Rusnáková, Veronika
Collectivité auteur: Podnikovohospodárska fakulta EU so sídlom v Košiciach. Katedra marketingu a obchodu
Autres auteurs: Gajdoš, Jozef, 1962-2025
Format: Livre
Langue:slovaque
Publié: Košice 2012
Tags: Ajouter un tag
Pas de tags, Soyez le premier à ajouter un tag!

MARC

LEADER 00000nbm a2200000 4500
001 0155510
005 20161109111856.6
041 0 |a slo 
044 |a SK 
245 1 0 |a Logistické plánovanie a ukazovateľ BTS  |b bakalárska práca  |c Veronika Rusnáková ; školiteľ: Jozef Gajdoš 
264 1 |a Košice  |c 2012 
300 |a 47 s. 
100 1 |a Rusnáková, Veronika 
700 1 |a Gajdoš, Jozef, 1962-2025 
710 2 |a Podnikovohospodárska fakulta EU so sídlom v Košiciach. Katedra marketingu a obchodu